00489 a2200169 4500001000700000020001700007040003500024100003700059240003200096245002700128300000700155362000900162697001100171942000700182952011100189999001900300156808 a978852602242 cEscola São Tomás de Aquino aQUEIRÓS, Bartolomeu Campos de 10aDe bichos e não sólpor10aDe bichos e não só a310 a2016 aPoesia cBK 00104070a12.22b12.22d2024-04-30l0oB869.91 QUE DEBpEST00011217r2024-04-30 22:14:09w2024-04-30yBK c156808d156808